| 000 | 00475nam a2200193Ia 4500 | ||
|---|---|---|---|
| 003 | LK-CoDNM | ||
| 005 | 20240827100952.0 | ||
| 008 | 010623t1877 xxu||||| |||| 00| 1 eng d | ||
| 040 |
_aLK-CoDNM _dLK-CoDNM _eLK-CoDNM |
||
| 041 | _aeng | ||
| 080 |
_a22 _bN21 |
||
| 100 | _aThomas, Edward | ||
| 245 | _aJainism on the early faith of Asoka | ||
| 260 |
_bTrubner Co. _aLondon _c1877 |
||
| 300 | _bvii, 48p. : 20 cm | ||
| 650 | _aHistory | ||
| 650 | _aIndia | ||
| 942 | _cBK | ||
| 999 |
_c82099 _d82099 |
||